000 00437nam a2200157Ia 4500
008 210210b1974 xxu||||| |||| 00| 0 eng d
020 _a0 201 00551 4
082 _a530 BENP
100 _aBENEDEK (George B) & VILLARS (Felix M H).
245 _aPhysics: mechanics V1
260 _aLondon
_bAddison-Wesley
_c1974
300 _a6-130
650 _aIllustrations physics medicine biology mechanics
690 _aPhysics
906 _a044972
999 _c94153
_d94153